• 首页
  • 本馆介绍
  • 公告通知
  • 最新文献
  • 馆藏检索
  • 电子资源
  • 读者导购
  • 参考咨询
  • 我的图书馆
  • 登录
  • 详细信息显示
  • 放入我的书架
  • 预约/预借图书
  • 作者相关作品
  • 分类相关作品
  • 丛书相关作品
  • 出版社相关作品

书目信息

  • 表格格式
  • 工作单格式
  • 卡片格式
题名:
中华人民共和国银行业监督管理法释义及实用指南
    
 
作者: 李文阁 主编
分册:  
出版信息: 北京   中国市场出版社  2004.01
页数: 361页
开本: 20cm
丛书名:
单 册:
中图分类: D922.281.5
科图分类:
主题词: 银行业监督管理法--法律解释--中国 , 银行业监督管理法 , 法律解释
电子资源:
ISBN: 7-80155-658-5
000 00981nam0 2200277 450
001 002783647
005 20070613104800.87
010    @a7-80155-658-5@dCNY25.00
035    @a002783647
100    @a20041217d2004 em y0chiy0110 ea
101 0  @achi
102    @aCN@b110000
105    @ay nz 000yy
200 1  @a中华人民共和国银行业监督管理法释义及实用指南@AZhong Hua Ren Min Gong He Guo Yin Xing Ye Jian Du Guan Li Fa Shi Yi Ji Shi Yong Zhi Nan@f李文阁主编@FLi Wen Ge Zhu Bian
210    @a北京@c中国市场出版社@d2004.01
215    @a361页@d20cm
300    @a银行业法律培训系列用书
330    @a本书介绍了自2004年起施行的本《监督管理法》全文,对管理法内容进行逐条释义,并介绍“巴塞尔银行监管委员会”的相关规则等。
606 0  @a银行业监督管理法@x法律解释@y中国
606 0  @a银行业监督管理法
606 0  @a法律解释
690    @aD922.281.5@v4
701  0 @a李文阁@ALi Wen Ge@4主编
801  0 @aCN@bNLC@c20070613
905    @aBZT@dD922.281.5@e2
906    @dCNY25.00@n0@r1
    
    中华人民共和国银行业监督管理法释义及实用指南/李文阁主编.-北京:中国市场出版社,2004.01
    361页;20cm
    银行业法律培训系列用书
    
    ISBN 7-80155-658-5:CNY25.00
    本书介绍了自2004年起施行的本《监督管理法》全文,对管理法内容进行逐条释义,并介绍“巴塞尔银行监管委员会”的相关规则等。
●
相关链接 在五车中查询图书 在当当中查询图书 在豆瓣中查询图书


正题名:中华人民共和国银行业监督管理法释义及实用指南     索取号:D922.281.5/2         预约/预借

序号 登录号 条形码 馆藏地/架位号 状态 备注
1 555226   230126669   中心书库南/013架A面4层5列/ [索取号:D922.281.5/2] 在馆    
2 555227   230126668   中心书库南/013架A面4层5列/ [索取号:D922.281.5/2] 在馆    
3 555228   230126672   中心书库南/013架A面4层5列/ [索取号:D922.281.5/2] 在馆    
4 555229   230126670   中心书库南/013架A面4层5列/ [索取号:D922.281.5/2] 在馆    
5 555230   230126673   中心书库南/013架A面4层5列/ [索取号:D922.281.5/2] 在馆    
6 555231   230126675   中心书库南/013架A面4层5列/ [索取号:D922.281.5/2] 在馆    
7 555232   230126674   中心书库南/013架A面4层5列/ [索取号:D922.281.5/2] 在馆    
8 555233   230126677   中心书库南/013架A面4层5列/ [索取号:D922.281.5/2] 在馆    
9 555234   230126676   中心书库南/013架A面4层5列/ [索取号:D922.281.5/2] 在馆    
10 555235   230126671   中心书库南/013架A面4层5列/ [索取号:D922.281.5/2] 在馆    
山东省滨州职业学院图书馆 欢迎您!
大连网信软件有限公司© 版权所有